[Event "29th Czech Open B 2018"]
[Site "Pardubice CZE"]
[Date "2018.07.28"]
[Round "9.24"]
[White "Cach, Jakub"]
[Black "Ochirbat, Lkhagvajamts"]
[Result "1/2-1/2"]
[BlackTitle "CM"]
[WhiteElo "2044"]
[BlackElo "1933"]
[WhiteFideId "332933"]
[BlackFideId "4903153"]
[EventDate "2018.07.20"]

1. e4 e6 2. d4 d5 3. exd5 exd5 4. Bd3 Bd6 5. Nc3 c6 6. Nge2 Ne7 7. Bf4 O-O 8.
Qd2 b5 9. f3 a5 10. Bxd6 Qxd6 11. Qf4 Qxf4 12. Nxf4 Bf5 13. Kd2 Bxd3 14. Kxd3
Nd7 15. Rhe1 Rfe8 16. Re2 Nf5 17. Rae1 Kf8 18. g3 Rxe2 19. Rxe2 Re8 20. b3 Rxe2
21. Ncxe2 Nd6 22. g4 Ke7 23. h4 g6 24. Ke3 Nb7 25. Nd3 Kf6 26. Kf4 Nd8 27. g5+
Ke7 28. Kg4 Ne6 29. f4 f6 30. f5 gxf5+ 31. Kxf5 fxg5 32. hxg5 Ng7+ 33. Kg4 Kd6
34. c3 c5 35. Ng3 b4 36. cxb4 c4 37. bxc4 dxc4 38. Nb2 axb4 39. Nxc4+ Kd5 40.
Na5 Kxd4 41. Nh5 Ne5+ 42. Kh4 Nxh5 43. Kxh5 Kc3 44. Kh6 Nf7+ 45. Kxh7 Nxg5+ 46.
Kg6 Kb2 47. Nc6 1/2-1/2

[Event "29th Czech Open B 2018"]
[Site "Pardubice CZE"]
[Date "2018.07.28"]
[Round "9.25"]
[White "Sim, Jia Ru"]
[Black "Bachstein, Dustin"]
[Result "0-1"]
[WhiteElo "1917"]
[BlackElo "2037"]
[WhiteFideId "5716110"]
[BlackFideId "4688198"]
[EventDate "2018.07.20"]

1. e4 c5 2. Nf3 d6 3. c3 Nf6 4. Be2 g6 5. O-O Bg7 6. Qc2 Qc7 7. d3 O-O 8. h3 d5
9. Bg5 Nbd7 10. Nbd2 b6 11. Nh2 h6 12. Bh4 e5 13. g4 Bb7 14. Bg3 c4 15. f3 cxd3
16. Bxd3 Nc5 17. exd5 Nxd5 18. Rfe1 Nxd3 19. Qxd3 Rad8 20. Qc4 Qxc4 21. Nxc4 f6
22. Rad1 Rd7 23. Rd2 Rfd8 24. Red1 Bc6 25. Kf2 Bf8 26. Nf1 Bc5+ 27. Ke1 Bb5 28.
b4 Bxc4 29. bxc5 Bxf1 30. c6 Rc7 31. Rxd5 Rxd5 32. Rxd5 Bxh3 33. Rd8+ Kf7 34.
Rh8 Kg7 35. Ra8 a5 36. Bf2 Rxc6 37. Ra7+ Kg8 38. Kd2 Bg2 39. Rb7 Bxf3 40. Rb8+
Kf7 41. Bxb6 Bxg4 42. Bxa5 Ra6 43. Rb5 h5 44. Ke3 Ke6 45. Rb6+ Rxb6 46. Bxb6 Kd5
47. a4 Bc8 48. a5 f5 49. Bc7 Ba6 50. Kf3 g5 51. Bd8 g4+ 52. Ke3 f4+ 53. Kf2 Ke4
54. Bb6 h4 55. Kg2 h3+ 56. Kh2 Kf3 57. Bc5 e4 0-1

[Event "29th Czech Open B 2018"]
[Site "Pardubice CZE"]
[Date "2018.07.28"]
[Round "9.26"]
[White "Kong, Ren En"]
[Black "Hiemer, Bernd"]
[Result "0-1"]
[WhiteElo "1859"]
[BlackElo "2014"]
[WhiteFideId "5718074"]
[BlackFideId "4691512"]
[EventDate "2018.07.20"]

1. d4 Nf6 2. c4 g6 3. Nc3 Bg7 4. e4 d6 5. f3 O-O 6. Be3 c6 7. Nge2 a6 8. c5 Nbd7
9. Ng3 Rb8 10. Be2 h5 11. O-O b5 12. cxb6 Qxb6 13. Na4 Qa5 14. b3 h4 15. Nh1 Bb7
16. Bd2 Qd8 17. Rc1 e5 18. Bc3 Nh5 19. dxe5 dxe5 20. Nf2 Nf4 21. Nd3 Ne6 22. Qd2
c5 23. Ba5 Qe7 24. Naxc5 Ndxc5 25. Nxc5 Nxc5 26. Bb4 Rfc8 27. Qe3 Bf8 28. Rc2
Rc7 29. Rfc1 Rbc8 30. Bc4 Qf6 31. Bxf7+ Rxf7 32. Bxc5 Bxc5 33. Rxc5 Rxc5 34.
Qxc5 Qg5 35. Rc3 h3 36. Qf2 Rd7 0-1

[Event "29th Czech Open B 2018"]
[Site "Pardubice CZE"]
[Date "2018.07.28"]
[Round "9.27"]
[White "Kubat, Pavel"]
[Black "Killmann, Martin"]
[Result "1/2-1/2"]
[WhiteElo "2010"]
[BlackElo "1855"]
[WhiteFideId "325678"]
[BlackFideId "24651559"]
[EventDate "2018.07.20"]

1. Nf3 d5 2. d4 Nf6 3. c4 dxc4 4. e3 e6 5. Bxc4 c5 6. O-O a6 7. dxc5 Qxd1 8.
Rxd1 Bxc5 9. Nbd2 b5 10. Be2 Bb7 11. a4 b4 12. Nb3 Be7 13. Na5 Bd5 14. Bc4 Bd8
15. Bxd5 Nxd5 16. e4 Nb6 17. Nb7 Bc7 18. Bf4 e5 19. Bxe5 Bxe5 20. Rd8+ Ke7 21.
Rxh8 Bxb2 22. Rd1 Nc6 23. Rxa8 Nxa8 24. Rd6 Na5 25. Nxa5 Kxd6 26. Nc4+ Kc5 27.
Nxb2 b3 28. Nd2 Kb4 29. Nd3+ Kc3 30. Nxb3 Kxb3 31. Nc5+ Kb4 32. Nxa6+ Kxa4 33.
Nc5+ Kb4 34. Nb7 Nc7 35. f3 f6 36. Kf2 Kb5 37. Nd6+ Kc5 38. Nf5 g6 39. Nh6 Kd6
40. Ke3 Ke6 41. Ng4 Nb5 42. Nf2 Nd6 43. Kd3 Ke5 44. g3 Ke6 45. f4 h5 46. h3 Nb5
47. g4 hxg4 48. hxg4 Nd6 49. Nd1 g5 50. Ke3 gxf4+ 51. Kxf4 Nf7 52. Nf2 Ne5 53.
Nh3 Ng6+ 54. Ke3 Ne5 55. Nf2 Ng6 56. Nd3 Kd6 57. Kd4 Ke6 58. Ke3 Kd6 59. Kf3 Ke6
60. Nf4+ Nxf4 61. Kxf4 Ke7 62. Ke3 Ke6 63. Kf4 Ke7 64. Kf5 Kf7 65. Kf4 Ke7 1/2-1/2

[Event "29th Czech Open B 2018"]
[Site "Pardubice CZE"]
[Date "2018.07.28"]
[Round "9.28"]
[White "Nekvinda, Michal"]
[Black "Beyer, Christof"]
[Result "1/2-1/2"]
[WhiteElo "1845"]
[BlackElo "2001"]
[WhiteFideId "365386"]
[BlackFideId "24601780"]
[EventDate "2018.07.20"]

1. d4 Nf6 2. c4 c5 3. d5 e6 4. Nc3 exd5 5. cxd5 d6 6. e4 g6 7. f4 Bg7 8. Bb5+
Nfd7 9. Bd3 a6 10. a4 Qh4+ 11. g3 Qe7 12. Qe2 Nf6 13. Nf3 Bg4 14. O-O O-O 15.
Re1 Nbd7 16. a5 Rfe8 17. Qf1 Bxf3 18. Qxf3 Qd8 19. Bd2 b5 20. axb6 Qxb6 21. Na4
Qa7 22. Bc4 Re7 23. Nc3 Ne8 1/2-1/2

[Event "29th Czech Open B 2018"]
[Site "Pardubice CZE"]
[Date "2018.07.28"]
[Round "9.29"]
[White "Verny, David"]
[Black "Anatskiy, Alexey"]
[Result "1-0"]
[WhiteElo "1782"]
[BlackElo "1993"]
[WhiteFideId "2823349"]
[BlackFideId "14119323"]
[EventDate "2018.07.20"]

1. e4 c6 2. d4 d5 3. e5 Bf5 4. Nf3 e6 5. Be2 Nd7 6. c3 Ne7 7. O-O c5 8. Be3 Nc6
9. a3 Be7 10. b4 cxd4 11. cxd4 O-O 12. Nc3 Nb6 13. Nd2 Rc8 14. Qb3 f6 15. f4
fxe5 16. fxe5 Kh8 17. Rac1 Nxe5 18. dxe5 d4 19. Nc4 dxe3 20. Rfd1 Qe8 21. Nxe3
Qg6 22. Bf3 Bg5 23. Re1 Rcd8 24. Ncd1 Be4 25. Bxe4 Qxe4 26. Nc2 Qf5 27. Nce3
Qxe5 28. Rc5 Nd5 29. Nc2 Qd6 30. Nd4 Rf6 1-0

[Event "29th Czech Open B 2018"]
[Site "Pardubice CZE"]
[Date "2018.07.28"]
[Round "9.30"]
[White "Filipenko, Alexander V"]
[Black "Henderson de La Fuente, Andrea"]
[Result "1-0"]
[WhiteTitle "IM"]
[WhiteElo "2266"]
[BlackElo "1854"]
[WhiteFideId "4104471"]
[BlackFideId "32096577"]
[EventDate "2018.07.20"]

1. e4 d6 2. d4 Nf6 3. Nc3 Nbd7 4. f4 e5 5. Nf3 exd4 6. Qxd4 c6 7. Be3 d5 8. e5
Bc5 9. Qd2 Qe7 10. O-O-O Ng4 11. Bd4 Nh6 12. Bd3 Nb6 13. h3 Nf5 14. Bxc5 Qxc5
15. g4 Ne3 16. Rde1 Nec4 17. Bxc4 Nxc4 18. Qd4 Qb4 19. Nd1 c5 20. Qxd5 Be6 21.
Qd3 Rd8 22. Qc3 Qa4 23. b3 Qa3+ 24. Kb1 b5 25. Ne3 Nb6 26. f5 Na4 27. Qa1 Bd5
28. Nxd5 Rxd5 29. Rhf1 Nb6 30. f6 O-O 31. fxg7 Rfd8 32. Ng5 Rb8 33. e6 fxe6 34.
Qf6 1-0